OSCE et le règlement pacifique des différends : (Record no. 6062)

MARC details
000 -LEADER
fixed length control field 01522cam a2200313 a 4500
001 - CONTROL NUMBER
control field 133292
003 - CONTROL NUMBER IDENTIFIER
control field TZ-ArACH
005 - DATE AND TIME OF LATEST TRANSACTION
control field 20201001104513.0
008 - FIXED-LENGTH DATA ELEMENTS--GENERAL INFORMATION
fixed length control field 971001s1997 sz b 000 0 fre
010 ## - LIBRARY OF CONGRESS CONTROL NUMBER
LC control number 97202021
040 ## - CATALOGING SOURCE
Original cataloging agency DLC
Transcribing agency TZ-ArACH
Modifying agency DLC
043 ## - GEOGRAPHIC AREA CODE
Geographic area code e------
050 00 - LIBRARY OF CONGRESS CALL NUMBER
Classification number JZ6010
Item number .C86 1997
100 1# - MAIN ENTRY--PERSONAL NAME
Personal name Cuny, Laurence.
245 11 - TITLE STATEMENT
Title OSCE et le règlement pacifique des différends :
Remainder of title la Cour de conciliation et d'arbitrage /
Statement of responsibility, etc Laurence Cuny ; [préface du Lucius Carflisch].
260 ## - PUBLICATION, DISTRIBUTION, ETC. (IMPRINT)
Place of publication, distribution, etc Genève :
Name of publisher, distributor, etc Institut universitaire de hautes études internationales,
Date of publication, distribution, etc 1997.
300 ## - PHYSICAL DESCRIPTION
Extent 167 p. ;
Dimensions 21 cm.
440 #0 - SERIES STATEMENT/ADDED ENTRY--TITLE
Title Publications de l'Institut universitaire de hautes études internationales, Genève
490 1# - SERIES STATEMENT
Series statement Etudes et travaux / Institut universitaire de hautes études internationales, Genève =
-- Studies and working papers / Graduate Institute of International Studies, Geneva
500 ## - GENERAL NOTE
General note "Mémoire presenté pour l'obtention du diplôme d'études supérieures en droit international."
504 ## - BIBLIOGRAPHY, ETC. NOTE
Bibliography, etc Includes bibliographical references (p. 157-167).
610 20 - SUBJECT ADDED ENTRY--CORPORATE NAME
Corporate name or jurisdiction name as entry element Organization for Security and Co-operation in Europe.
650 #0 - SUBJECT ADDED ENTRY--TOPICAL TERM
Topical term or geographic name as entry element Pacific settlement of international disputes.
650 #0 - SUBJECT ADDED ENTRY--TOPICAL TERM
Topical term or geographic name as entry element Arbitration (International law)
830 #0 - SERIES ADDED ENTRY--UNIFORM TITLE
Uniform title Studies and working papers (Graduate Institute of International Studies (Geneva, Switzerland))
906 ## - LOCAL DATA ELEMENT F, LDF (RLIN)
a 7
b cbc
c orignew
d 3
e ncip
f 19
g y-gencatlg
942 ## - ADDED ENTRY ELEMENTS (KOHA)
Source of classification or shelving scheme Library of Congress Classification
Koha item type Books
Holdings
Home library Current library Date acquired Full call number Barcode Koha item type Public note
African Court on Human and Peoples' Rights Library African Court on Human and Peoples' Rights Library 01/10/2020 JZ6010 .C86 1997 10202048 Books Donation by the International Law Book Facility (ILBF)
African Court on Human and Peoples' Rights Library African Court on Human and Peoples' Rights Library 01/10/2020 JZ6010 .C86 1997 10201602 Books Donation by the International Law Book Facility (ILBF)

African Court on Human and Peoples' Rights | For Inquiries Contact » +255 272 510 510